Capitais da América do Sul - Statistics

Estatísticas Gerais
  • Esse quiz foi jogado 207 vezes
  • A pontuação média é 9 de 14
Estatísticas das Respostas
País Capital % Correto
Argentina Buenos Aires
98%
Brasil Brasília
97%
Peru Lima
81%
Chile Santiago
79%
Bolívia La Paz
74%
Equador Quito
73%
Venezuela Caracas
71%
Colômbia Santa Fé de Bogotá
71%
Uruguai Montevidéu
70%
Bolívia Sucre
55%
Guiana Georgetown
53%
Suriname Paramaribo
37%
Paraguai Assumção
15%
Guiana Francesa Caienas
7%
Nenhum quiz correspondente encontrado
Distribuição das Pontuações
Porcentagem de Pessoas com Cada Pontuação
Percentil de Números Respondidos
Sua Pontuação Histórica
Você não jogou esse quiz